Central Library OPAC University of Rajshahi

مختصر كتاب تلبيس ابليس ;; mukhtasir kitab talabays 'iiblis / (Record no. 77961)

MARC details
000 -LEADER
fixed length control field 01025nam a2200217 a 4500
001 - CONTROL NUMBER
control field 77961
003 - CONTROL NUMBER IDENTIFIER
rucl marc code BD-RjUL
005 - DATE AND TIME OF LATEST TRANSACTION
control field 20211209083054.0
008 - FIXED-LENGTH DATA ELEMENTS--GENERAL INFORMATION
fixed length control field 210222s1994 sy ||||| |||| 00| 0 ara d
035 ## - SYSTEM CONTROL NUMBER
System control number (BD-RjUL)78187
040 ## - CATALOGING SOURCE
Original cataloging agency BD-RjUL
Language of cataloging eng
Transcribing agency BD-RjUL
041 ## - LANGUAGE CODE
Language code of text/sound track or separate title ara
082 ## - DEWEY DECIMAL CLASSIFICATION NUMBER
Edition number 23
Classification number 297.216
Author mark and year BAM 1994
100 ## - MAIN ENTRY--PERSONAL NAME
Personal name البغدادي، ابي الفرج عبد الرحمن بن الجوزي القرشي ;; Al-Baghdadi, Abi Al-Faraj Abdul Rahman bin Al-Jawzi Al-Qurashi
Dates associated with a name المتوفى سنة ٥٩٦هج، اختصره وعلق عليه علي
9 (RLIN) 245076
245 ## - TITLE STATEMENT
Title مختصر كتاب تلبيس ابليس ;; mukhtasir kitab talabays 'iiblis /
Statement of responsibility, etc. لابي الفرج عبد الرحمن بن الجوزي القرشي البغدادي ;; Abi Al-Faraj Abdul Rahman bin Al-Jawzi Al-Qurashi Al-Baghdadi
260 ## - PUBLICATION, DISTRIBUTION, ETC. (IMPRINT)
Place of publication, distribution, etc. بيروت :
Name of publisher, distributor, etc. مؤسسة الرسالة ,
Date of publication, distribution, etc. 1994
300 ## - PHYSICAL DESCRIPTION
Pagination ٣٥٨ص.
Size 24 cm
650 ## - SUBJECT ADDED ENTRY--TOPICAL TERM
Topical term or geographic name as entry element islam
Form subdivision doctrines
General subdivision history
9 (RLIN) 245077
Topical term or geographic name as entry element Islam
Form subdivision Devil
9 (RLIN) 245078
942 ## - ADDED ENTRY ELEMENTS (KOHA)
Source of classification or shelving scheme Dewey Decimal Classification
Koha item type Books
Holdings
Lost status Source of classification or shelving scheme Damaged status Not for loan Collection code Permanent Location Current Location Shelving location Date acquired Source of acquisition Cost, normal purchase price Total Checkouts Full call number Date last seen Copy number Koha item type
  Dewey Decimal Classification   Not For Loan Non-fiction Central Library, University of Rajshahi Central Library, University of Rajshahi Reading Room 16/06/1996 Sawdia kutubkhana, Dhaka 225.00   A 297.216 BAM 1994 22/02/2021 C-1 Books